000 00522nam a22001817a 4500
005 20230130151734.0
008 221217b |||||||| |||| 00| 0 eng d
020 _a978-1259-58473-2
041 _aeng
082 _a615.7 BRU-T
100 _aBRUNTON ,LAURENCE L. ,DANDAN , RANDAHILAL AND OTHERS
_97371
245 _aTHE PHARMACOLOGICAL BASIC OF THERAPEUTICS
250 _a13th ed.
260 _aNEW YORK
_bMC GRAW HILL EDUCATION
_c2018
300 _a1419;P.
650 _aPHARMACY
_xB.PHARMA
_97083
942 _cBK
999 _c8085
_d8083